| 000 | 00831cam a22002651 4500 | ||
|---|---|---|---|
| 001 | 10152 | ||
| 003 | BD-RjUL | ||
| 005 | 20211208234912.0 | ||
| 008 | 140123s1948 enka 001 0 eng d | ||
| 035 | _a(BD-RjUL)10200 | ||
| 040 |
_aDLC/ICU _cICU _dICU _dBD-RjUL _beng |
||
| 041 | _aeng | ||
| 082 | 0 | 0 |
_a546 _bMAM 1948 |
| 100 | 1 |
_aMaxted, Edward B. _q(Edward Bradford), _d1887- _931346 |
|
| 245 | 1 | 0 |
_aModern advances in inorganic chemistry / _cEdward B, Maxted. |
| 260 |
_aOxford : _bClarendon Press, _c1948. |
||
| 300 |
_avi, 296 p. _bdiagrs. _c24 cm. |
||
| 500 | _aAdditional text on slip attached to p. [172] | ||
| 504 | _aBibliographical footnotes. | ||
| 650 | 0 |
_aChemistry, Inorganic. _931348 |
|
| 650 | 0 |
_aChemistry, Physical and theoretical. _931349 |
|
| 942 |
_2ddc _cBK |
||
| 999 |
_c10152 _d10152 |
||